Comunicaciones inalámbricas Un enfoque aplicado

Bibliographic Details
Main Author: Roldán Martínez, David
Format: Section = Libro
Language:Undetermined
Spanish
Published: México Alfaomega 2005
Subjects:
LEADER 00605nam a2200217Ia 4500
008 240829s9999 xx 000 0 und d
020 |a 970-15-1078-X 
040 |a BIBLIOTECA-RUSB/ 384.5 R744 
041 |a spa 
082 |a 384.5 R744 
100 1 |a Roldán Martínez, David 
245 1 0 |a Comunicaciones inalámbricas Un enfoque aplicado 
260 |a México  |b Alfaomega  |c 2005 
300 |a 363 p. :il. 
650 7 |a COMUNICACION INALAMBRICA 
650 7 |b  COMUNICACIONES RADIOELECTRICAS 
650 7 |c  REDES MOVILES 
650 7 |d  DISEÑO - REDES WLAN 
942 |c BK  |2 ddc 
991 |a TEXTO 
999 |c 1188